[Event "AUTO-MASTER-528"]
[Site "http://www.queenalice.com/game.php?id=469907"]
[Date "2008.9.28"]
[Round "2"]
[White "HelderNanques"]
[Black "mariocarlos"]
[Result "0-1"]
[WhiteElo "2110"]
[BlackElo "2142"]

1. e4 e5 2. Nf3 Nc6 3. Bc4 Nf6 4. Nc3 Bc5 5. O-O O-O 6. d3 d6 7. Bg5 Be6 8. Nd5
Bxd5 9. Bxd5 h6 10. Bh4 g5 11. Bxc6 bxc6 12. Bg3 Rb8 13. b3 Nh5 14. Nxe5 Nxg3
15. Nxc6 Qf6 16. Nxb8 Nxf1 17. Nd7 Qxf2+ 0-1

[Event "AUTO-MASTER-528"]
[Site "http://www.queenalice.com/game.php?id=469908"]
[Date "2008.9.28"]
[Round "2"]
[White "mariocarlos"]
[Black "HelderNanques"]
[Result "1/2-1/2"]
[WhiteElo "2146"]
[BlackElo "2095"]

1. e4 e6 2. d4 d5 3. Nc3 Nf6 4. e5 Nfd7 5. f4 c5 6. Nf3 Nc6 7. Be3 cxd4 8. Nxd4
Bc5 9. Qd2 O-O 10. O-O-O Nxd4 11. Bxd4 Bxd4 12. Qxd4 Qb6 13. Be2 Qxd4 14. Rxd4
a6 15. g4 Nb6 16. h4 Nd7 17. g5 b5 18. h5 Bb7 19. Re1 Rfc8 20. Bg4 g6 21. a3 Nb6
22. hxg6 hxg6 23. Bf3 Kg7 24. Rh1 Rh8 25. Rdd1 Nc4 26. Ne2 Rac8 27. Nd4 Ne3 28.
Rxh8 Rxh8 29. Rh1 Rxh1+ 30. Bxh1 Nc4 31. Nb3 Bc8 32. Nc5 Nb6 33. b3 Kf8 34. Kd2
Ke7 35. Kc3 Nd7 36. Kd4 Kd8 37. Nxd7 Bxd7 38. c4 dxc4 1/2-1/2

[Event "AUTO-MASTER-552"]
[Site "http://www.queenalice.com/game.php?id=470607"]
[Date "2008.9.30"]
[Round "2"]
[White "Rutty"]
[Black "mariocarlos"]
[Result "1-0"]
[WhiteElo "1982"]
[BlackElo "2163"]

1. e4 e5 2. Nf3 Nc6 3. Bc4 Nf6 4. Nc3 Bc5 5. O-O O-O 6. d3 d6 7. h3 Bd7 8. Bg5
h6 9. Bh4 a6 10. Nd5 Be6 11. Nxf6+ gxf6 12. Qd2 Kh7 13. Bb3 Rg8 14. Kh2 Rg6 15.
c3 Qd7 16. Bc2 Rag8 17. Bg3 f5 18. exf5 Bxf5 19. Nh4 Rg5 20. Nxf5 Rxf5 21. d4
exd4 22. Bxf5+ Qxf5 23. cxd4 Bxd4 24. Rac1 Bc5 25. Qc2 Qxc2 26. Rxc2 Nb4 27. Re2
Nxa2 28. Re7 Kg6 29. Rxc7 Nb4 30. Rxb7 Nd3 31. f4 f5 32. Rf3 Nb4 33. Bf2 Bxf2
34. Rxf2 1-0

[Event "AUTO-MASTER-552"]
[Site "http://www.queenalice.com/game.php?id=470608"]
[Date "2008.9.30"]
[Round "2"]
[White "mariocarlos"]
[Black "Rutty"]
[Result "1-0"]
[WhiteElo "2153"]
[BlackElo "2038"]

1. e4 e5 2. Nf3 Nc6 3. Bb5 Bc5 4. O-O d6 5. d4 exd4 6. Nxd4 Bxd4 7. Qxd4 Nf6 8.
e5 Nd7 9. Bxc6 bxc6 10. exd6 O-O 11. dxc7 Qxc7 12. Bf4 Qb6 13. Be3 c5 14. Qc3
Ba6 15. Re1 Nf6 16. Bxc5 1-0

[Event "AUTO-MASTER-552"]
[Site "http://www.queenalice.com/game.php?id=470611"]
[Date "2008.9.30"]
[Round "2"]
[White "RDario"]
[Black "mariocarlos"]
[Result "0-1"]
[WhiteElo "1927"]
[BlackElo "2135"]

1. e4 e5 2. Bc4 Nf6 3. Nf3 Nc6 4. Nc3 Bc5 5. O-O O-O 6. h3 d6 7. a3 a6 8. b4 Ba7
9. d3 Be6 10. Ba2 Bxa2 11. Rxa2 h6 12. Nd5 b5 13. Ne3 Ne7 14. c4 Bxe3 15. Bxe3
bxc4 16. dxc4 Nxe4 17. Rc2 Ng6 18. Nd2 Nf6 19. f3 d5 20. Bc5 Re8 21. cxd5 Nxd5
22. Ne4 Ngf4 23. Nc3 Nxc3 24. Qa1 Nce2+ 25. Kf2 Qh4+ 26. Ke3 Rad8 27. Rd1 Nd4
28. Rc4 Nxg2+ 29. Kd2 Qf2+ 30. Kd3 Qe2+ 0-1

[Event "AUTO-MASTER-552"]
[Site "http://www.queenalice.com/game.php?id=470612"]
[Date "2008.9.30"]
[Round "2"]
[White "mariocarlos"]
[Black "RDario"]
[Result "1-0"]
[WhiteElo "2137"]
[BlackElo "1834"]

1. e4 c5 2. Nf3 e6 3. d4 cxd4 4. Nxd4 Nc6 5. Nc3 a6 6. Be3 Nf6 7. Qd2 h6 8. Be2
d5 9. Nxc6 bxc6 10. e5 Nd7 11. f4 Rb8 12. Na4 c5 13. O-O d4 14. Bf2 Rb4 15. b3
Be7 16. c3 dxc3 17. Nxc3 O-O 18. Na4 Qa5 19. Nb2 Ra4 20. Qxa5 Rxa5 21. Be1 Rb5
22. Bxb5 axb5 23. Bf2 Bb7 24. a4 b4 25. Nc4 Rc8 26. a5 Ba6 27. Rfd1 Nf8 28. Nb6
Rc7 29. Rac1 g5 30. fxg5 Bxg5 31. Rxc5 Rxc5 32. Bxc5 Be2 33. Re1 Bd3 34. Bxb4
Bb5 35. Nc4 Nd7 36. Bd2 Be7 37. Nd6 Bxd6 38. exd6 1-0

[Event "AUTO-MASTER-552"]
[Site "http://www.queenalice.com/game.php?id=470613"]
[Date "2008.9.30"]
[Round "2"]
[White "Yellow"]
[Black "mariocarlos"]
[Result "1-0"]
[WhiteElo "2221"]
[BlackElo "2144"]

1. e4 e5 2. Nf3 Nc6 3. d4 exd4 4. Nxd4 Bc5 5. Nxc6 bxc6 6. Bc4 d6 7. O-O Nf6 8.
Nc3 O-O 9. Bg5 Re8 10. Qd3 Be6 11. Rad1 h6 12. Bh4 Bxc4 13. Qxc4 g5 14. Bg3 Qd7
15. e5 Nh5 16. Qxc5 Nxg3 17. hxg3 1-0

[Event "AUTO-MASTER-552"]
[Site "http://www.queenalice.com/game.php?id=470614"]
[Date "2008.9.30"]
[Round "2"]
[White "mariocarlos"]
[Black "Yellow"]
[Result "0-1"]
[WhiteElo "2147"]
[BlackElo "2226"]

1. e4 c5 2. Nf3 d6 3. d4 cxd4 4. Nxd4 Nf6 5. Nc3 g6 6. Be2 Bg7 7. h4 Nc6 8. Be3
h5 9. f3 O-O 10. Qd2 d5 11. Nxc6 bxc6 12. e5 Ne8 13. Bh6 Bxe5 14. Bxf8 Kxf8 15.
O-O-O Qa5 16. Rde1 Rb8 17. Bf1 Bg7 18. a3 e5 19. Nb1 Qb6 20. b3 Be6 21. g3 Qc5
22. b4 Qd6 23. Bh3 f5 24. Qg5 Bf7 25. Qd2 c5 26. c3 cxb4 27. axb4 a5 28. bxa5
Qc7 29. Qa2 d4 30. Qa3+ Kg8 31. Kd2 dxc3+ 32. Qxc3 Qd7+ 33. Ke2 e4 0-1

[Event "Challenge"]
[Site "http://www.queenalice.com/game.php?id=473031"]
[Date "2008.10.5"]
[Round "-"]
[White "mariocarlos"]
[Black "Saru"]
[Result "1-0"]
[WhiteElo "2162"]
[BlackElo "839"]

1. e4 e5 2. Nf3 Bb4 3. c3 Bc5 4. b4 Be7 5. Nxe5 d6 6. Nf3 Nf6 7. d3 Be6 8. Be2
d5 9. e5 Ng4 10. O-O Nc6 11. d4 b6 12. h3 Nh6 13. Bxh6 Qd7 14. Bf4 a5 15. b5 Na7
16. a4 O-O-O 17. Ng5 h6 18. Nxe6 Qxe6 19. Bg4 f5 20. exf6 Rd6 21. Bxd6 Bxd6 22.
Bxe6+ Kd8 23. fxg7 Re8 24. Bf7 Re7 25. g8=Q+ Kd7 26. Qdg4+ Re6 27. Qe8# 1-0

[Event "Challenge"]
[Site "http://www.queenalice.com/game.php?id=479842"]
[Date "2008.10.19"]
[Round "-"]
[White "Saru"]
[Black "mariocarlos"]
[Result "0-1"]
[WhiteElo "972"]
[BlackElo "2134"]

1. d4 Nf6 2. Bf4 Nc6 3. a3 d5 4. b4 e6 5. e3 Be7 6. Qf3 O-O 7. Bd3 Re8 8. Qg3
Bd6 9. Qh3 e5 10. Bxh7+ Nxh7 11. dxe5 Bxh3 12. Nxh3 Bxe5 13. Ra2 Bxf4 14. Nxf4
d4 15. O-O dxe3 16. Re1 exf2+ 17. Kxf2 Qh4+ 18. g3 Qxh2+ 19. Ng2 Rxe1 20. Kxe1
Qxg2 21. Nd2 Re8+ 22. Kd1 Qg1+ 23. Nf1 Qxf1+ 24. Kd2 Qe1+ 25. Kd3 Qe3+ 26. Kc4
Re4+ 27. Kb5 a6+ 28. Ka4 b5# 0-1

[Event "Challenge"]
[Site "http://www.queenalice.com/game.php?id=481206"]
[Date "2008.10.22"]
[Round "-"]
[White "TMG"]
[Black "mariocarlos"]
[Result "1-0"]
[WhiteElo "2076"]
[BlackElo "2134"]

1. e4 e5 2. Nc3 Nf6 3. f4 exf4 4. e5 Ng8 5. Nf3 d5 6. d4 g5 7. h4 g4 8. Ng1 Be7
9. Bxf4 Bxh4+ 10. g3 Be7 11. Rh5 Be6 12. Qd3 Qd7 13. Rxh7 Rxh7 14. Qxh7 f6 15.
Bd3 Nc6 16. Bg6+ Kd8 17. Bf7 Bxf7 18. Qxf7 Qe8 19. Qxd5+ Kc8 20. Qe6+ Kb8 21.
O-O-O fxe5 22. dxe5 1-0

[Event "Sicilian (B97)"]
[Site "http://www.queenalice.com/game.php?id=488371"]
[Date "2008.11.5"]
[Round "4"]
[White "mbake5"]
[Black "mariocarlos"]
[Result "1-0"]
[WhiteElo "2634"]
[BlackElo "2147"]

1. e4 c5 2. Nf3 Nc6 3. d4 cxd4 4. Nxd4 e6 5. Nc3 Nf6 6. Ndb5 d6 7. Bf4 e5 8. Bg5
a6 9. Na3 Be7 10. Nc4 O-O 11. Bxf6 Bxf6 12. Qxd6 Nd4 13. Qxd8 Rxd8 14. Bd3 Be6
15. Nb6 Rab8 16. Ncd5 Bxd5 17. Nxd5 Rbc8 18. Nxf6+ gxf6 19. c3 Nf3+ 20. Ke2 Ng5
21. Rhd1 Ne6 22. Ke3 Nf4 23. Bf1 Kf8 24. Rxd8+ Rxd8 25. a4 Ne6 26. a5 Ke7 27.
Ra4 Nc5 28. Rc4 Kd6 29. g3 Rb8 30. Rb4 Ke7 31. Bc4 Rd8 32. Bd5 Rd7 33. c4 Kf8
34. Rb6 Kg7 35. b4 1-0

[Event "Challenge"]
[Site "http://www.queenalice.com/game.php?id=490375"]
[Date "2008.11.9"]
[Round "-"]
[White "GM_Cleriston"]
[Black "mariocarlos"]
[Result "1-0"]
[WhiteElo "2147"]
[BlackElo "2134"]

1. e4 c5 2. Nf3 Nc6 3. d4 cxd4 4. Nxd4 e5 5. Nb5 d6 6. N1c3 a6 7. Na3 Nf6 8. Bg5
Be7 9. Nc4 O-O 10. Bxf6 gxf6 11. Nd5 Be6 12. Qh5 Bxd5 13. exd5 Nb4 14. c3 Nxd5
15. Bd3 f5 16. Bxf5 Nf6 17. Qh6 Re8 18. O-O-O Bf8 19. Qg5+ Kh8 20. f4 1-0

[Event "Challenge"]
[Site "http://www.queenalice.com/game.php?id=490376"]
[Date "2008.11.9"]
[Round "-"]
[White "mariocarlos"]
[Black "GM_Cleriston"]
[Result "0-1"]
[WhiteElo "2134"]
[BlackElo "2126"]

1. e4 c5 2. Nf3 Nc6 3. d4 cxd4 4. Nxd4 g6 5. Nc3 Bg7 6. Be3 Nf6 7. Bd3 O-O 8.
Qd2 Ng4 9. Nxc6 dxc6 10. f3 Nxe3 11. Qxe3 Bxc3+ 12. bxc3 Qa5 13. Qd2 Rd8 14. c4
Qxd2+ 15. Kxd2 c5 16. Ke3 Kg7 17. h4 h5 0-1

[Event "AUTO-MASTER-660"]
[Site "http://www.queenalice.com/game.php?id=492056"]
[Date "2008.11.12"]
[Round "1"]
[White "Aylton"]
[Black "mariocarlos"]
[Result "0-1"]
[WhiteElo "2032"]
[BlackElo "2141"]

1. d4 d5 2. Nf3 Nf6 3. e3 c6 4. a3 Bg4 5. h3 Bh5 6. c4 e6 7. Bd3 dxc4 8. Bxc4
Nbd7 9. Nc3 b5 10. Be2 b4 11. axb4 Bxb4 12. Qa4 Qb6 13. O-O O-O 14. Bd2 a5 15.
Rfc1 c5 16. g4 cxd4 17. Nxd4 Nc5 18. Qd1 Bg6 19. f4 h6 20. Nc2 Nb3 21. Na4 Qd8
22. Bxb4 axb4 23. Nxb4 Qxd1+ 24. Bxd1 Nxa1 25. Rxa1 Rfb8 26. Nc2 Bxc2 27. Bxc2
Rxb2 28. Nxb2 Rxa1+ 29. Nd1 Nd5 0-1

[Event "AUTO-MASTER-660"]
[Site "http://www.queenalice.com/game.php?id=492057"]
[Date "2008.11.12"]
[Round "1"]
[White "mariocarlos"]
[Black "Aylton"]
[Result "1-0"]
[WhiteElo "2150"]
[BlackElo "2020"]

1. e4 c5 2. Nf3 Nc6 3. d4 cxd4 4. Nxd4 Nf6 5. Nc3 a6 6. f4 d6 7. Be2 Qc7 8. O-O
e6 9. Kh1 Be7 10. a3 O-O 11. Nf3 b5 12. Qe1 Bb7 13. Bd3 h6 14. Qg3 Kh8 15. e5
dxe5 16. fxe5 Nd7 17. Qh3 f5 18. Bxh6 gxh6 19. Qxh6+ Kg8 20. Ng5 Bxg5 21. Qxg5+
Kf7 22. Bxf5 exf5 23. Rxf5+ Ke8 24. Nd5 Qb8 25. e6 Rxf5 26. exd7+ Kxd7 27. Qxf5+
Kd8 28. Qf8+ Kd7 29. Qf7+ Kd8 30. Re1 1-0

[Event "AUTO-MASTER-660"]
[Site "http://www.queenalice.com/game.php?id=492074"]
[Date "2008.11.12"]
[Round "1"]
[White "mariocarlos"]
[Black "Plis"]
[Result "0-1"]
[WhiteElo "2141"]
[BlackElo "2312"]

1. e4 e5 2. Nf3 Nc6 3. Bb5 a6 4. Ba4 Nf6 5. O-O Be7 6. Re1 b5 7. Bb3 O-O 8. c3
d5 9. exd5 Nxd5 10. Nxe5 Nxe5 11. Rxe5 c6 12. d4 Bd6 13. Re1 Qh4 14. g3 Qh3 15.
Bc2 Bg4 16. Qd3 Rae8 17. Qf1 Qh5 18. Bd2 Bh3 19. Qd3 Rxe1+ 20. Bxe1 Nf4 21. gxf4
Bxf4 22. Qxh7+ Qxh7 23. Bxh7+ Kxh7 24. Nd2 Re8 25. Nf1 Re2 26. b3 Kg6 27. Ng3
Rb2 28. c4 bxc4 29. bxc4 Be6 30. c5 Bxa2 31. Ne4 f6 32. Nc3 Bc4 33. Kg2 Kf5 34.
Rb1 Rxb1 35. Nxb1 Ke4 0-1

[Event "AUTO-MASTER-660"]
[Site "http://www.queenalice.com/game.php?id=492075"]
[Date "2008.11.12"]
[Round "1"]
[White "Plis"]
[Black "mariocarlos"]
[Result "1-0"]
[WhiteElo "2308"]
[BlackElo "2154"]

1. e4 e5 2. Nf3 Nc6 3. Bb5 Nf6 4. O-O d6 5. d4 Bd7 6. Nc3 exd4 7. Nxd4 Nxd4 8.
Bxd7+ Qxd7 9. Qxd4 Be7 10. Rd1 O-O 11. e5 Ng4 12. h3 Nh6 13. Bxh6 gxh6 14. Nd5
f6 15. Qc4 Kh8 16. e6 Qd8 17. Qxc7 Qxc7 18. Nxc7 Rac8 19. Nd5 Rfe8 20. c3 Bd8
21. Re1 Rc5 22. Rad1 Be7 23. Nxe7 Rxe7 24. Rxd6 Kg7 25. Rd7 Kf8 26. f4 Ke8 27.
Rd6 h5 28. Red1 Kf8 29. Rd8+ Re8 30. R1d7 Rxd8 31. e7+ 1-0

[Event "AUTO-MASTER-660"]
[Site "http://www.queenalice.com/game.php?id=492076"]
[Date "2008.11.12"]
[Round "1"]
[White "mariocarlos"]
[Black "jeantomasia"]
[Result "0-1"]
[WhiteElo "2158"]
[BlackElo "2187"]

1. e4 c5 2. Nf3 d6 3. d4 cxd4 4. Nxd4 Nf6 5. Nc3 a6 6. Bd3 g6 7. h4 Bg7 8. f3
O-O 9. Be3 h5 10. Qd2 Nc6 11. Nxc6 bxc6 12. Na4 Rb8 13. Rb1 c5 14. b3 Bd7 15.
Nb2 Bb5 16. a4 Bxd3 17. Nxd3 Qc7 18. O-O c4 19. Nb4 c3 20. Nxa6 Qb7 21. Qd3 Ra8
22. Qb5 Qxa6 0-1

[Event "AUTO-MASTER-660"]
[Site "http://www.queenalice.com/game.php?id=492077"]
[Date "2008.11.12"]
[Round "1"]
[White "jeantomasia"]
[Black "mariocarlos"]
[Result "1/2-1/2"]
[WhiteElo "2163"]
[BlackElo "2140"]

1. e4 e5 2. Nf3 Nc6 3. Bb5 Nf6 4. O-O d6 5. d4 Bd7 6. Re1 exd4 7. Nxd4 Nxd4 8.
Bxd7+ Nxd7 9. Qxd4 f6 10. c4 Qe7 11. f4 Nc5 12. b4 Ne6 13. Qf2 a5 14. b5 b6 15.
Be3 g6 16. Nc3 O-O-O 17. Qd2 Nc5 18. Bd4 Bg7 19. Nd5 Qf7 20. Qc2 Rhe8 21. Re2 f5
22. Rd1 Bxd4+ 23. Rxd4 Nxe4 24. Rd1 Nc5 25. Rde1 Rxe2 26. Qxe2 Ne4 27. Qb2 Rg8
28. h4 Qg7 29. Qxg7 Rxg7 30. Re3 Kb7 31. a4 Nc5 32. Nc3 c6 33. g3 h5 34. Kf2
cxb5 35. axb5 Ka7 36. Ke2 Rc7 37. Nd5 Rd7 38. Kd2 Ne4+ 39. Kd3 Kb7 40. Kd4 Rf7
41. Nc3 Nxc3 42. Kxc3 Rc7 43. Kd4 a4 44. Ra3 Re7 45. Kd5 Re4 46. Rc3 Kc7 47. Ra3
Kb7 48. Rc3 Kc7 49. Ra3 Kb7 50. Rc3 1/2-1/2

[Event "Fun with chess"]
[Site "http://www.queenalice.com/game.php?id=499481"]
[Date "2008.11.28"]
[Round "1"]
[White "gardez2005"]
[Black "mariocarlos"]
[Result "0-1"]
[WhiteElo "2008"]
[BlackElo "2146"]

1. d4 d5 2. c4 c6 3. Nf3 Nf6 4. Nc3 dxc4 5. a4 Nd5 6. e3 Nxc3 7. bxc3 b5 8. Ba3
Nd7 9. Be2 g6 10. O-O Bg7 11. Rb1 a6 12. Qc2 Nb6 13. a5 Nd5 14. Bb4 O-O 15. Rfd1
Re8 16. h3 Qc7 17. Re1 Nxb4 18. cxb4 e5 19. Rbd1 exd4 20. exd4 Bf5 21. Qc3 Rad8
22. Qd2 Qd7 23. Kh2 Re4 24. Qc3 Bxd4 25. Nxd4 Rxd4 26. Rxd4 Qxd4 27. Qxd4 Rxd4
28. Bf3 c3 29. Bxc6 c2 30. Bf3 Rxb4 31. Bb7 Rb1 0-1

[Event "AUTO-MASTER-528"]
[Site "http://www.queenalice.com/game.php?id=524554"]
[Date "2009.1.17"]
[Round "3"]
[White "mariocarlos"]
[Black "AntonioMendonca"]
[Result "1/2-1/2"]
[WhiteElo "2109"]
[BlackElo "2158"]

1. e4 c5 2. Nf3 g6 3. d4 Bg7 4. Nc3 cxd4 5. Nxd4 Nc6 6. Be3 Nf6 7. Be2 O-O 8.
Qd2 d5 9. Nxc6 bxc6 10. O-O-O Qa5 11. e5 Ng4 1/2-1/2